<?xml version="1.0" encoding="UTF-8"?>
<record
    xmlns:xsi="http://www.w3.org/2001/XMLSchema-instance"
    xsi:schemaLocation="http://www.loc.gov/MARC21/slim http://www.loc.gov/standards/marcxml/schema/MARC21slim.xsd"
    xmlns="http://www.loc.gov/MARC21/slim">

  <leader>00582nam a22001697a 4500</leader>
  <controlfield tag="005">20230713044246.0</controlfield>
  <controlfield tag="008">230713b        |||||||| |||| 00| 0 eng d</controlfield>
  <datafield tag="020" ind1=" " ind2=" ">
    <subfield code="a">978-971-9667-10-0</subfield>
  </datafield>
  <datafield tag="082" ind1=" " ind2=" ">
    <subfield code="a">G.S./Fil. 344.59907 D286 2019</subfield>
  </datafield>
  <datafield tag="100" ind1=" " ind2=" ">
    <subfield code="a">De Belen, Rustico T.</subfield>
    <subfield code="e">author</subfield>
  </datafield>
  <datafield tag="245" ind1=" " ind2=" ">
    <subfield code="a">Education laws jurisprudence and governance /</subfield>
    <subfield code="c">Rustico T. De Belen</subfield>
  </datafield>
  <datafield tag="260" ind1=" " ind2=" ">
    <subfield code="a">Quezon City:</subfield>
    <subfield code="b">Jobal Publishing House,</subfield>
    <subfield code="c">c2019</subfield>
  </datafield>
  <datafield tag="300" ind1=" " ind2=" ">
    <subfield code="a">viii, 582p.</subfield>
  </datafield>
  <datafield tag="504" ind1=" " ind2=" ">
    <subfield code="a">Includes bibliographical references</subfield>
  </datafield>
  <datafield tag="541" ind1=" " ind2=" ">
    <subfield code="e">7274 c.1, 7275 c.2</subfield>
  </datafield>
  <datafield tag="650" ind1=" " ind2=" ">
    <subfield code="a">Education - Philippines - Laws and legislation</subfield>
  </datafield>
  <datafield tag="952" ind1=" " ind2=" ">
    <subfield code="0">0</subfield>
    <subfield code="1">0</subfield>
    <subfield code="2">ddc</subfield>
    <subfield code="4">0</subfield>
    <subfield code="7">0</subfield>
    <subfield code="a">CTUMB</subfield>
    <subfield code="b">CTUMB</subfield>
    <subfield code="d">2022-02-04</subfield>
    <subfield code="l">0</subfield>
    <subfield code="o">G.S./Fil/ 344.59907 D286 2019</subfield>
    <subfield code="p">7274</subfield>
    <subfield code="r">2023-07-13 00:00:00</subfield>
    <subfield code="t">1</subfield>
    <subfield code="w">2023-07-13</subfield>
    <subfield code="y">BK-GS</subfield>
  </datafield>
  <datafield tag="952" ind1=" " ind2=" ">
    <subfield code="0">0</subfield>
    <subfield code="1">0</subfield>
    <subfield code="2">ddc</subfield>
    <subfield code="4">0</subfield>
    <subfield code="7">0</subfield>
    <subfield code="a">CTUMB</subfield>
    <subfield code="b">CTUMB</subfield>
    <subfield code="d">2022-02-04</subfield>
    <subfield code="l">0</subfield>
    <subfield code="o">G.S./Fil/ 344.59907 D286 2019</subfield>
    <subfield code="p">7275</subfield>
    <subfield code="r">2023-07-13 00:00:00</subfield>
    <subfield code="t">2</subfield>
    <subfield code="w">2023-07-13</subfield>
    <subfield code="y">BK-GS</subfield>
  </datafield>
  <datafield tag="999" ind1=" " ind2=" ">
    <subfield code="c">2197</subfield>
    <subfield code="d">2197</subfield>
  </datafield>
</record>
